| 000 | 00505nam a22001697a 4500 | ||
|---|---|---|---|
| 999 |
_c40640 _d40640 |
||
| 003 | OSt | ||
| 005 | 20210122142747.0 | ||
| 008 | 191016b ||||| |||| 00| 0 eng d | ||
| 020 | _a9789386858511 | ||
| 040 | _coclc | ||
| 082 |
_a954.02 _bCEN/A |
||
| 100 |
_98377 _aCengage |
||
| 245 |
_aAncient and Medieval History & Culture for Civil Services Examinations / _cCengage |
||
| 260 |
_aDelhi: _bCengage, _c2018. |
||
| 300 | _a418p | ||
| 942 |
_2ddc _cREF _h954.02 _iCEN/A _k954.02 _mCEN/A |
||